[Event "European Rapid 2016"]
[Site "Tallinn EST"]
[Date "2016.12.16"]
[Round "9.33"]
[White "Kobalia, Mikhail"]
[Black "Krupenski, Juri"]
[Result "1-0"]
[WhiteTitle "GM"]
[BlackTitle "IM"]
[WhiteElo "2628"]
[BlackElo "2432"]
[WhiteFideId "4119150"]
[BlackFideId "4501101"]
[EventDate "2016.12.15"]

1. e4 c5 2. Nf3 d6 3. Bb5+ Nd7 4. O-O a6 5. Bd3 Ngf6 6. c3 Ne5 7. Be2 Nxf3+ 8.
Bxf3 g6 9. d4 Nd7 10. Be3 Bg7 11. Nd2 O-O 12. Be2 b5 13. f4 cxd4 14. cxd4 Qb6
15. Nf3 Bb7 16. Qd3 Rac8 17. Rac1 Qa5 18. Qb1 Nf6 19. Nd2 Qb6 20. Qd3 Qa7 21. d5
Qb8 22. Bd4 Rxc1 23. Rxc1 e6 24. dxe6 fxe6 25. Bf3 Rc8 26. Re1 Qc7 27. e5 dxe5
28. Bxe5 Qc5+ 29. Bd4 Qc7 30. Bxb7 Qxb7 31. Rxe6 Qd5 32. Re5 Qxa2 33. Re7 Qd5
34. Rxg7+ 1-0

[Event "European Rapid 2016"]
[Site "Tallinn EST"]
[Date "2016.12.16"]
[Round "9.34"]
[White "Grigoriants, Sergey"]
[Black "Rogule, Laura"]
[Result "1/2-1/2"]
[WhiteTitle "GM"]
[BlackTitle "WGM"]
[WhiteElo "2563"]
[BlackElo "2295"]
[WhiteFideId "4130804"]
[BlackFideId "11601876"]
[EventDate "2016.12.15"]

1. e4 c5 2. Nf3 Nc6 3. Bb5 g6 4. Bxc6 bxc6 5. O-O Bg7 6. Re1 Nh6 7. c3 O-O 8. d4
cxd4 9. cxd4 f6 10. Nc3 d6 11. b3 Nf7 12. Bb2 Qa5 13. Rc1 Rb8 14. h3 Bd7 15. Qd3
Rb7 16. Nd2 Rfb8 17. f4 c5 18. Nc4 Qa6 19. dxc5 dxc5 20. e5 fxe5 21. fxe5 Be6
22. Na4 Rc8 23. Ba3 Rbc7 24. Qg3 Nh6 25. Qf2 Qb5 26. Nc3 Qa6 27. Ne4 Bxc4 28.
Rxc4 Nf7 29. Ra4 Qb6 30. Nc3 e6 31. Rae4 Qa5 32. Bb2 c4 33. bxc4 Rxc4 34. Rxc4
Rxc4 35. Ne4 Rc2 36. Re2 Rxe2 37. Qxe2 Nxe5 38. Ng5 1/2-1/2

[Event "European Rapid 2016"]
[Site "Tallinn EST"]
[Date "2016.12.16"]
[Round "9.36"]
[White "Shkapenko, Pavel"]
[Black "Jussupow, Artur"]
[Result "1/2-1/2"]
[WhiteTitle "IM"]
[BlackTitle "GM"]
[WhiteElo "2425"]
[BlackElo "2585"]
[WhiteFideId "4151933"]
[BlackFideId "4618777"]
[EventDate "2016.12.15"]

1. e4 e6 2. d4 d5 3. exd5 exd5 4. Nf3 Bd6 5. c4 dxc4 6. Bxc4 Nf6 7. O-O O-O 8.
Nc3 Nc6 9. h3 h6 10. Qc2 Be6 11. Bxe6 fxe6 12. Qb3 Qd7 13. Re1 Nd5 14. Nxd5 exd5
15. Qxd5+ Rf7 16. Qe6 Bb4 17. Qxd7 Rxd7 18. Re4 Rad8 19. Be3 Rd5 20. Rc1 Bd6 21.
a3 1/2-1/2

[Event "European Rapid 2016"]
[Site "Tallinn EST"]
[Date "2016.12.16"]
[Round "9.37"]
[White "Picard, Romain"]
[Black "Plat, Vojtech"]
[Result "0-1"]
[WhiteTitle "IM"]
[BlackTitle "IM"]
[WhiteElo "2338"]
[BlackElo "2532"]
[WhiteFideId "627216"]
[BlackFideId "325740"]
[EventDate "2016.12.15"]

1. e4 d6 2. d4 Nf6 3. Nc3 e5 4. Nf3 Nbd7 5. Bc4 Be7 6. a4 O-O 7. a5 c6 8. O-O
Rb8 9. Qe2 b5 10. axb6 axb6 11. d5 Bb7 12. Rd1 cxd5 13. Nxd5 Nxd5 14. Bxd5 Bxd5
15. Rxd5 Qc7 16. Bg5 Bxg5 17. Nxg5 h6 18. Nf3 Nf6 19. Rd2 Qc6 20. Re1 Ra8 21. h3
Ra4 22. Qd1 Nxe4 23. Rd5 Rfa8 24. Qd3 f5 25. Qb3 Kh7 26. Rdd1 Qc5 27. Rf1 Qc4
28. Qxb6 Rb4 29. Qe3 Qxc2 30. Nh4 Rb3 31. Qe1 Rf8 32. Rc1 Qd2 33. Nxf5 Qxe1 34.
Rfxe1 Nc5 35. Nxd6 Nd3 36. Ne4 Nxe1 37. Rxe1 Rxb2 38. Kh2 Rf4 39. g3 Rf8 40. Kg2
Kg6 41. h4 h5 42. Re3 Rc2 43. Re1 Kf5 44. Re3 Ke6 45. Rd3 Re2 46. Ng5+ Ke7 47.
Nh3 Ra2 48. Rb3 Rd8 49. Ng5 Rd7 50. Re3 Rdd2 51. Nh3 Kd6 52. Rb3 e4 53. Rb6+ Kc5
54. Re6 Re2 55. Kf1 Kd4 56. Re7 e3 57. fxe3+ Rxe3 58. Rxg7 Rb3 59. Rd7+ Ke5 0-1

[Event "European Rapid 2016"]
[Site "Tallinn EST"]
[Date "2016.12.16"]
[Round "9.38"]
[White "Kukk, Sander"]
[Black "Potapov, Pavel"]
[Result "0-1"]
[BlackTitle "GM"]
[WhiteElo "2178"]
[BlackElo "2493"]
[WhiteFideId "4502094"]
[BlackFideId "4169786"]
[EventDate "2016.12.15"]

1. b3 e5 2. Bb2 Nc6 3. e3 d6 4. c4 g6 5. d4 Bg7 6. d5 Nce7 7. Bd3 f5 8. f4 Nf6
9. Qd2 O-O 10. fxe5 dxe5 11. Bxe5 Re8 12. Nf3 g5 13. Bb2 f4 14. e4 Nxe4 15. Bxe4
Nf5 16. Nc3 Nd6 17. O-O Nxe4 18. Nxe4 Rxe4 19. Bxg7 Kxg7 20. Rae1 Rxe1 21. Qd4+
Qf6 22. Rxe1 Qxd4+ 23. Nxd4 Kf8 24. Nb5 c6 25. Nc7 Rb8 26. Re8+ Kf7 27. d6 0-1

[Event "European Rapid 2016"]
[Site "Tallinn EST"]
[Date "2016.12.16"]
[Round "9.39"]
[White "Stocek, Jiri"]
[Black "Dudas, Jan"]
[Result "1-0"]
[WhiteTitle "GM"]
[BlackTitle "FM"]
[WhiteElo "2546"]
[BlackElo "2207"]
[WhiteFideId "304760"]
[BlackFideId "14900580"]
[EventDate "2016.12.15"]

1. d4 d5 2. c4 dxc4 3. Nf3 Nf6 4. Nc3 a6 5. e4 b5 6. e5 Nd5 7. a4 b4 8. Ne4 e6
9. Bxc4 Bb7 10. Nfg5 Be7 11. Qh5 Bxg5 12. Nxg5 Qe7 13. Nxh7 Rg8 14. O-O Nc6 15.
Bxd5 exd5 16. e6 Qxe6 17. Ng5 Qe7 18. Bd2 O-O-O 19. Rae1 Qf6 20. Nxf7 Rdf8 21.
Qg4+ Kb8 22. Ne5 Nxe5 23. Rxe5 a5 24. Be3 Qc6 25. Re7 Qd6 26. Rxg7 Rh8 27. h4
Bc8 28. Qg3 Qxg3 29. fxg3 Bf5 30. Bf4 Be4 31. Rc1 Rc8 32. Rcxc7 Rxc7 33. Rxc7
Ka8 34. Rc5 Kb7 35. Rxa5 Rc8 36. Rc5 Ra8 37. Rb5+ Kc6 38. Rxb4 Bd3 39. Rb3 Bc4
40. Rc3 Rxa4 41. b3 Ra3 42. h5 Rxb3 43. Rc2 Kd7 44. g4 Rd3 45. Be5 Re3 46. Kf2
Re4 47. Kf3 Re1 48. g5 Bd3 49. Rc7+ Kd8 50. Ra7 Be4+ 51. Kf2 Rc1 52. g6 Rc2+ 53.
Ke3 Rxg2 54. g7 Bh7 55. Ra8+ Ke7 56. Rh8 1-0

[Event "European Rapid 2016"]
[Site "Tallinn EST"]
[Date "2016.12.16"]
[Round "9.40"]
[White "Kulaots, Kaido"]
[Black "Luukkonen, Tommi"]
[Result "1-0"]
[WhiteTitle "GM"]
[BlackTitle "FM"]
[WhiteElo "2556"]
[BlackElo "2333"]
[WhiteFideId "4500261"]
[BlackFideId "501808"]
[EventDate "2016.12.15"]

1. e4 c5 2. Nf3 d6 3. d4 cxd4 4. Nxd4 Nf6 5. Nc3 a6 6. Be2 e6 7. O-O Be7 8. Be3
O-O 9. f4 b5 10. Bf3 Bb7 11. e5 Nd5 12. Nxd5 exd5 13. e6 f5 14. Nb3 Qc7 15. c3
Kh8 16. Qd3 Rf6 17. Nd4 Qc4 18. Qc2 g6 19. Rfe1 Qc8 20. Bf2 Kg8 21. Rad1 Nc6 22.
Nxc6 Bxc6 23. Bh4 Qb7 24. Bxf6 Bxf6 25. Qb3 Re8 26. Bxd5 Kg7 27. g3 Qb6+ 28. Kg2
Be7 29. Bxc6 Qxc6+ 30. Qd5 Qc7 31. Re2 Rb8 32. h3 a5 33. Rd3 Kg8 34. g4 Rf8 35.
g5 Rb8 36. h4 b4 37. c4 a4 38. h5 gxh5 39. Rh3 b3 40. axb3 axb3 41. Rxh5 Rf8 42.
Rh3 Qb6 43. Qf3 Qd4 44. Qh5 Qg7 45. Rxb3 d5 46. cxd5 Qd4 47. Rh3 Qg7 1-0

[Event "European Rapid 2016"]
[Site "Tallinn EST"]
[Date "2016.12.16"]
[Round "10.1"]
[White "Mamedov, Rauf"]
[Black "Onischuk, Vladimir"]
[Result "1-0"]
[WhiteTitle "GM"]
[BlackTitle "GM"]
[WhiteElo "2688"]
[BlackElo "2601"]
[WhiteFideId "13401653"]
[BlackFideId "14114038"]
[EventDate "2016.12.15"]

1. Nf3 g6 2. g3 Bg7 3. Bg2 Nf6 4. O-O O-O 5. d4 d6 6. c4 Nc6 7. Nc3 e5 8. dxe5
dxe5 9. Bg5 Be6 10. Nd2 Qc8 11. Nd5 Nd7 12. b4 Kh8 13. Rc1 h6 14. Be3 Nb6 15.
Nb3 Rd8 16. Qd2 Kh7 17. Bc5 a5 18. bxa5 Na4 19. Ba3 Nd4 20. Nxd4 exd4 21. Ne7
Qd7 22. Bxb7 Nc3 23. Bc6 Rxa5 24. Bxd7 Rxd7 25. Bb4 Rxa2 26. Rc2 Ra4 27. Nc6
Nxe2+ 28. Qxe2 d3 29. Qd2 dxc2 30. Qxc2 Ra8 31. Bc3 Bxc4 32. Bxg7 Bxf1 33. Kxf1
Kxg7 34. Ne5 Re7 35. Qc3 Kh7 36. Ng4 h5 37. Nf6+ Kh6 38. Nd5 Rd7 39. Qe3+ Kg7
40. Qe5+ Kh6 41. Qf4+ Kg7 42. Qf6+ Kh7 43. Ne7 Rf8 44. Nxg6 1-0

[Event "European Rapid 2016"]
[Site "Tallinn EST"]
[Date "2016.12.16"]
[Round "10.2"]
[White "Leko, Peter"]
[Black "Riazantsev, Alexander"]
[Result "1/2-1/2"]
[WhiteTitle "GM"]
[BlackTitle "GM"]
[WhiteElo "2693"]
[BlackElo "2671"]
[WhiteFideId "703303"]
[BlackFideId "4125029"]
[EventDate "2016.12.15"]

1. e4 c6 2. d4 d5 3. e5 Bf5 4. Nf3 e6 5. Be2 Bg6 6. O-O Ne7 7. c3 h6 8. Nbd2 Nd7
9. Nb3 Nf5 10. a4 a6 11. a5 Be7 12. g4 Nh4 13. Nxh4 Bxh4 14. f4 O-O 15. f5 Bh7
16. Be3 Qe7 17. f6 1/2-1/2

[Event "European Rapid 2016"]
[Site "Tallinn EST"]
[Date "2016.12.16"]
[Round "10.4"]
[White "Ponkratov, Pavel"]
[Black "Matlakov, Maxim"]
[Result "0-1"]
[WhiteTitle "GM"]
[BlackTitle "GM"]
[WhiteElo "2607"]
[BlackElo "2694"]
[WhiteFideId "4157800"]
[BlackFideId "4168003"]
[EventDate "2016.12.15"]

1. c4 e6 2. Nf3 Nf6 3. g3 d5 4. Bg2 dxc4 5. O-O a6 6. a4 Nc6 7. Na3 Bxa3 8. bxa3
e5 9. Bb2 Qd6 10. Qc2 Be6 11. Ng5 Bd5 12. e4 Be6 13. Rac1 Rd8 14. Nxe6 Qxe6 15.
Rfd1 b5 16. axb5 axb5 17. d3 Nd4 18. Bxd4 Rxd4 19. Bf1 cxd3 20. Bxd3 O-O 21.
Bxb5 Nxe4 22. Bc4 Qh6 23. Rxd4 exd4 24. Rd1 Ng5 25. Bd5 Qd6 26. Qf5 h6 27. a4 g6
28. Bxf7+ Rxf7 29. Qg4 Qd5 30. f4 Nf3+ 31. Kf2 Ne5 32. Qe2 d3 33. h3 g5 34. Qe3
gxf4 35. gxf4 Ng6 36. Rxd3 Rxf4+ 37. Kg3 Qg5+ 38. Kh2 Ne5 39. Rd8+ Kg7 0-1

[Event "European Rapid 2016"]
[Site "Tallinn EST"]
[Date "2016.12.16"]
[Round "10.5"]
[White "Navara, David"]
[Black "Potkin, Vladimir"]
[Result "0-1"]
[WhiteTitle "GM"]
[BlackTitle "GM"]
[WhiteElo "2725"]
[BlackElo "2597"]
[WhiteFideId "309095"]
[BlackFideId "4131061"]
[EventDate "2016.12.15"]

1. e4 e6 2. d4 d5 3. Nd2 c5 4. Ngf3 cxd4 5. Nxd4 Nc6 6. Bb5 Bd7 7. Nxc6 bxc6 8.
Bd3 Bd6 9. Qe2 Qc7 10. Nf3 dxe4 11. Qxe4 Nf6 12. Qh4 h6 13. O-O Ke7 14. Re1 g5
15. Qc4 c5 16. Be3 Rab8 17. Rad1 Rhd8 18. h4 Bb5 19. Qc3 Nd5 20. Qg7 Bxd3 21.
Bxg5+ hxg5 22. Nxg5 Kd7 23. Nxe6 Qa5 24. Qxf7+ Kc6 25. Nxd8+ Rxd8 26. cxd3 Rf8
27. Qg6 Qxa2 28. Re8 Qa4 29. Qh5 Rf5 30. Rc8+ Kb6 31. Rc6+ Kb7 0-1

[Event "European Rapid 2016"]
[Site "Tallinn EST"]
[Date "2016.12.16"]
[Round "10.7"]
[White "Wojtaszek, Radoslaw"]
[Black "Jankovic, Alojzije"]
[Result "1-0"]
[WhiteTitle "GM"]
[BlackTitle "GM"]
[WhiteElo "2749"]
[BlackElo "2591"]
[WhiteFideId "1118358"]
[BlackFideId "14505959"]
[EventDate "2016.12.15"]

1. d4 Nf6 2. c4 d6 3. Nf3 g6 4. g3 c6 5. Nc3 Bf5 6. Bg2 Bg7 7. O-O Ne4 8. Qb3
Nxc3 9. Qxc3 Nd7 10. Nh4 Be6 11. Qd3 d5 12. cxd5 cxd5 13. b3 O-O 14. Ba3 Re8 15.
Qd2 Nf6 16. Nf3 Ne4 17. Qb2 Nd6 18. Ne5 Nb5 19. Bb4 a5 20. Bd2 Qb6 21. e3 Nd6
22. Rfc1 a4 23. Qc3 axb3 24. Qxb3 Qxb3 25. axb3 Ne4 26. Bb4 f6 27. Nd3 Rxa1 28.
Rxa1 Bd7 29. Nc5 Nxc5 30. Bxc5 e6 31. Ra7 Bc6 32. Bf1 Bf8 33. b4 Rb8 34. Bd3 e5
35. f3 exd4 36. exd4 Kf7 37. Kf2 Bg7 38. b5 Be8 39. Bd6 Rd8 40. Rxb7+ Bd7 41. b6
f5 42. Bc5 Ke6 43. Rc7 Bf8 44. Ba6 Bd6 45. Ra7 Rb8 46. Ke3 g5 47. Bd3 Rc8 48.
Bxd6 Kxd6 49. Rxd7+ 1-0

[Event "European Rapid 2016"]
[Site "Tallinn EST"]
[Date "2016.12.16"]
[Round "10.9"]
[White "Vallejo Pons, Francisco"]
[Black "Tregubov, Pavel V."]
[Result "0-1"]
[WhiteTitle "GM"]
[BlackTitle "GM"]
[WhiteElo "2711"]
[BlackElo "2585"]
[WhiteFideId "2205530"]
[BlackFideId "4115341"]
[EventDate "2016.12.15"]

1. d4 Nf6 2. c4 c5 3. d5 b5 4. cxb5 a6 5. bxa6 g6 6. Nc3 Bxa6 7. e4 Bxf1 8. Kxf1
d6 9. Nf3 Nbd7 10. g3 Bg7 11. Kg2 O-O 12. a4 Ra6 13. Re1 Qa8 14. Nb5 Rc8 15. Ra3
Ne8 16. Qc2 Nc7 17. Nxc7 Rxc7 18. b4 cxb4 19. Qxc7 bxa3 20. Bxa3 Rxa4 21. Qxd7
Ra7 22. Qc6 Rxa3 23. Rb1 Ra7 24. Rb6 Qd8 25. Qb5 Ra8 26. Rb7 Bf6 27. g4 h6 28.
h4 g5 29. hxg5 hxg5 30. Qb3 Kg7 31. Nh2 Qc8 32. Rb6 Qc1 33. Qb1 Qf4 34. Rb3 Rh8
35. Rg3 Rxh2+ 36. Kxh2 Qxf2+ 37. Kh3 0-1

[Event "European Rapid 2016"]
[Site "Tallinn EST"]
[Date "2016.12.16"]
[Round "10.10"]
[White "Novikov, Stanislav"]
[Black "Naiditsch, Arkadij"]
[Result "0-1"]
[WhiteTitle "GM"]
[BlackTitle "GM"]
[WhiteElo "2513"]
[BlackElo "2687"]
[WhiteFideId "4125371"]
[BlackFideId "4650891"]
[EventDate "2016.12.15"]

1. d4 Nf6 2. c4 g6 3. Nc3 Bg7 4. e4 d6 5. f3 O-O 6. Be3 e5 7. Nge2 Nbd7 8. Qd2
a6 9. d5 Nh5 10. g4 Nf4 11. Nxf4 exf4 12. Bxf4 h5 13. Be2 hxg4 14. fxg4 Qh4+ 15.
Bg3 Qh3 16. O-O-O Ne5 17. g5 b5 18. cxb5 axb5 19. Bxb5 Bg4 20. Rdf1 Nf3 21. Qe3
Bxc3 22. Qxc3 Rxa2 23. Bd3 Qg2 24. Bb1 Ra1 25. Bf4 Rfa8 26. h3 Bh5 27. Rd1 R8a4
28. Rhf1 Nd4 29. Rde1 Ne2+ 30. Kd2 0-1

[Event "European Rapid 2016"]
[Site "Tallinn EST"]
[Date "2016.12.16"]
[Round "10.11"]
[White "Alekseev, Evgeny"]
[Black "Malakhov, Igor"]
[Result "1-0"]
[WhiteTitle "GM"]
[BlackTitle "IM"]
[WhiteElo "2632"]
[BlackElo "2454"]
[WhiteFideId "4138147"]
[BlackFideId "4183088"]
[EventDate "2016.12.15"]

1. e4 c5 2. Nf3 Nc6 3. d4 cxd4 4. Nxd4 Nf6 5. Nc3 e6 6. a3 d5 7. Bb5 Bd7 8. exd5
Nxd4 9. Bxd7+ Qxd7 10. Qxd4 Nxd5 11. Nxd5 Qxd5 12. Qxd5 exd5 13. Be3 b6 14.
O-O-O O-O-O 15. Rd3 Kb7 16. Rhd1 Kc6 17. c4 Bc5 18. Rxd5 Bxe3+ 19. fxe3 Rxd5 20.
Rxd5 Re8 21. Kd2 Re6 22. Ke2 Rg6 23. g3 Rh6 24. h4 Rf6 25. b3 h6 26. g4 g6 27.
Rd4 Re6 28. Kf3 g5 29. h5 Rf6+ 30. Ke2 Kc7 31. Rd5 Re6 32. Rf5 f6 33. Rd5 Re4
34. Kf3 Re8 35. e4 Kc6 36. Ke3 Kc7 37. Kd4 Kc6 38. e5 Re6 39. Ke4 fxe5 40. Kf5
Rd6 41. Kxe5 1-0

[Event "European Rapid 2016"]
[Site "Tallinn EST"]
[Date "2016.12.16"]
[Round "10.12"]
[White "Anton Guijarro, David"]
[Black "Motylev, Alexander"]
[Result "1/2-1/2"]
[WhiteTitle "GM"]
[BlackTitle "GM"]
[WhiteElo "2650"]
[BlackElo "2663"]
[WhiteFideId "2285525"]
[BlackFideId "4121830"]
[EventDate "2016.12.15"]

1. d4 d5 2. c4 c6 3. Nf3 Nf6 4. e3 Nbd7 5. Nbd2 g6 6. Be2 Bg7 7. O-O O-O 8. b3
b6 9. Bb2 Bb7 10. a4 a5 11. Rc1 e6 12. Qc2 c5 13. Rfd1 Rc8 14. Qb1 Qe7 15. Qa1
Rfd8 16. h3 Ne4 17. cxd5 exd5 18. Bb5 Nd6 19. Bxd7 Qxd7 20. dxc5 Bxb2 21. Qxb2
bxc5 22. Ne5 Qe6 23. Nd3 Ne4 24. Nxe4 dxe4 25. Nxc5 Qe7 26. Rxd8+ Rxd8 27. b4
axb4 28. Qxb4 Ba8 29. a5 h5 30. Qb6 Rd6 31. Qb4 Kh7 32. a6 Rc6 33. Rc3 Rc8 34.
Rc1 h4 35. Qb5 Qd8 36. a7 Qd2 37. Qc4 Rc7 38. Ra1 Qd6 39. Ra5 Qb6 40. Qc3 Rxa7
41. Rxa7 Qxa7 42. Qe5 Qa5 43. Kh2 Qd8 44. Nxe4 Bxe4 45. Qxe4 Qc7+ 46. Qf4 Qxf4+
47. exf4 f5 48. Kg1 Kg7 49. Kf1 Kf7 50. Ke2 Ke6 51. g3 Kd5 52. Kd3 Kc5 53. Kc3
Kd5 54. Kd3 Kc5 55. Kc3 Kd5 56. Kd3 Kc5 57. Kc3 1/2-1/2

[Event "European Rapid 2016"]
[Site "Tallinn EST"]
[Date "2016.12.16"]
[Round "10.13"]
[White "Saric, Ivan"]
[Black "Vitiugov, Nikita"]
[Result "0-1"]
[WhiteTitle "GM"]
[BlackTitle "GM"]
[WhiteElo "2652"]
[BlackElo "2726"]
[WhiteFideId "14508150"]
[BlackFideId "4152956"]
[EventDate "2016.12.15"]

1. e4 e5 2. Nf3 Nc6 3. Bb5 a6 4. Ba4 Nf6 5. O-O Be7 6. Re1 b5 7. Bb3 d6 8. c3
O-O 9. h3 Nb8 10. d4 Nbd7 11. Nbd2 c5 12. Nf1 Re8 13. Ng3 Bf8 14. a4 Bb7 15. d5
g6 16. Bg5 c4 17. Bc2 Be7 18. Qd2 Nc5 19. Ra3 Nfd7 20. h4 Bxg5 21. Nxg5 Qf6 22.
Re3 Qe7 23. Rf3 f6 24. Nh3 Nf8 25. h5 Bc8 26. hxg6 hxg6 27. Nf5 gxf5 28. Rg3+
Kh8 29. exf5 Nd3 30. Bxd3 cxd3 31. Qxd3 Bd7 32. Qe4 Qf7 33. c4 bxa4 34. Rg4 Rab8
35. Rag3 Rxb2 36. Rh4+ Nh7 37. Rg6 Rg8 38. Rhh6 Rg7 39. Qh4 Bxf5 40. Rxf6 Qg8
41. Rxf5 Rb1+ 0-1

[Event "European Rapid 2016"]
[Site "Tallinn EST"]
[Date "2016.12.16"]
[Round "10.14"]
[White "Kazakovskiy, Valeriy"]
[Black "Fridman, Daniel"]
[Result "1-0"]
[WhiteTitle "IM"]
[BlackTitle "GM"]
[WhiteElo "2430"]
[BlackElo "2596"]
[WhiteFideId "13507443"]
[BlackFideId "11600454"]
[EventDate "2016.12.15"]

1. d4 d5 2. c4 e6 3. Nf3 c6 4. Qc2 Nf6 5. Bg5 Nbd7 6. Nc3 dxc4 7. a4 Bb4 8. e4
Qa5 9. Bd2 e5 10. Bxc4 exd4 11. Nxd4 Qc5 12. Nce2 Bxd2+ 13. Kxd2 O-O 14. Bd3 Rd8
15. f4 Qa5+ 16. Qc3 Qxc3+ 17. bxc3 c5 18. Nb5 Nb6 19. e5 c4 20. Ned4 cxd3 21.
exf6 a6 22. Nc7 Rb8 23. a5 Nd7 24. fxg7 Nc5 25. Rae1 Be6 26. f5 Bc4 27. f6 Nd7
28. Rhf1 Rbc8 29. Nf5 Nxf6 30. Ne7+ Kxg7 31. Nxc8 Rxc8 32. Re3 h5 33. Rg3+ Ng4
34. h3 Rxc7 35. hxg4 h4 36. Re3 Rc5 37. Rf5 Rc6 38. Rg5+ Kf8 39. Re4 Bb5 40. Rf5
Kg7 41. Re7 Bc4 42. Rxb7 Be6 43. Re5 Kf6 44. Rh5 Rc4 45. Rb4 Rc8 46. Kxd3 Rd8+
47. Kc2 Kg6 48. Rxh4 Rd5 49. Rh5 Rd8 50. Rb6 Ra8 51. Rc5 Kg7 52. g5 Bd7 53. Rc7
Bf5+ 54. Kb3 Be4 55. Rf6 Kg8 56. c4 Bg6 57. Rcc6 Re8 58. Rxg6+ 1-0

[Event "European Rapid 2016"]
[Site "Tallinn EST"]
[Date "2016.12.16"]
[Round "10.15"]
[White "Movsesian, Sergei"]
[Black "Jezov, Roman"]
[Result "1-0"]
[WhiteTitle "GM"]
[BlackTitle "FM"]
[WhiteElo "2673"]
[BlackElo "2298"]
[WhiteFideId "310204"]
[BlackFideId "4502078"]
[EventDate "2016.12.15"]

1. e4 e5 2. Nf3 Nc6 3. Bb5 a6 4. Ba4 d6 5. O-O Bg4 6. c3 Qf6 7. d3 Bxf3 8. Qxf3
Qxf3 9. gxf3 Ne7 10. f4 exf4 11. Bxf4 O-O-O 12. Nd2 g5 13. Be3 f5 14. f3 d5 15.
d4 dxe4 16. fxe4 fxe4 17. Nxe4 h6 18. Rae1 Nd5 19. Bc1 Be7 20. Ng3 Bd6 21. Nf5
Nce7 22. Nxd6+ Rxd6 23. c4 Nb6 24. c5 Nxa4 25. cxd6 Nc6 26. d5 Nb4 27. Re4 a5
28. dxc7 Kxc7 29. a3 Nc5 30. Rc4 Nd3 31. b4 b5 32. Rxc5+ Nxc5 33. bxc5 1-0

[Event "European Rapid 2016"]
[Site "Tallinn EST"]
[Date "2016.12.16"]
[Round "10.16"]
[White "Kovalenko, Igor"]
[Black "Kulaots, Kaido"]
[Result "1-0"]
[WhiteTitle "GM"]
[BlackTitle "GM"]
[WhiteElo "2684"]
[BlackElo "2556"]
[WhiteFideId "14117908"]
[BlackFideId "4500261"]
[EventDate "2016.12.15"]

1. c4 g6 2. d4 Nf6 3. Nc3 d5 4. Bg5 Bg7 5. Nf3 Ne4 6. h4 Nxc3 7. bxc3 dxc4 8. e3
Be6 9. Rb1 b6 10. Nd2 h6 11. Bf4 c5 12. Bxc4 Bxc4 13. Nxc4 Qd5 14. Qa4+ Nd7 15.
O-O O-O 16. Qb5 e5 17. dxe5 Nxe5 18. Nxe5 Bxe5 19. Rfd1 Qe4 20. f3 Qf5 21. Rd5
Rfe8 22. Bxh6 Bh2+ 23. Kxh2 Qxd5 24. c4 Qf5 25. Kg3 Rad8 26. e4 Qd7 27. Qb2 Qd4
28. Qc1 Qd3 29. Rb2 Qd1 30. Qe3 Re6 31. Kh2 Rd3 32. Qf4 Qe1 33. Bg5 Qc3 34. Rb3
Qxc4 35. Qb8+ Kh7 36. Qxa7 Red6 37. e5 R6d4 38. Rxd3 Rxd3 39. Qxb6 Qd5 40. Qb8
Qc4 41. Qf8 Ra3 42. Qh6+ Kg8 43. Bf6 1-0

[Event "European Rapid 2016"]
[Site "Tallinn EST"]
[Date "2016.12.16"]
[Round "10.18"]
[White "Halkias, Stelios"]
[Black "Kanep, Meelis"]
[Result "1-0"]
[WhiteTitle "GM"]
[BlackTitle "GM"]
[WhiteElo "2585"]
[BlackElo "2485"]
[WhiteFideId "4201809"]
[BlackFideId "4501047"]
[EventDate "2016.12.15"]

1. Nf3 Nf6 2. d4 g6 3. c4 Bg7 4. Nc3 d6 5. e4 O-O 6. Be2 Bg4 7. Be3 e5 8. d5 a5
9. Nd2 Bxe2 10. Qxe2 Na6 11. O-O Nd7 12. b3 f5 13. f3 c5 14. Nb5 Nf6 15. g4 f4
16. Bf2 Ne8 17. Kg2 Bf6 18. a3 Bh4 19. Bxh4 Qxh4 20. Qf2 Qxf2+ 21. Kxf2 Kf7 22.
Nb1 Ke7 23. N1c3 Nec7 24. Rfc1 h6 25. Ke2 Rab8 26. Rab1 Kd7 27. Kd3 Rh8 28. Rg1
Rhc8 29. Na4 Na8 30. Rb2 Rh8 31. Nbc3 Rhg8 32. h4 Rh8 33. Rgb1 Rhc8 34. Nb5 Rh8
35. Nac3 N8c7 36. Na4 Na8 37. Nbc3 Rhc8 38. Kd2 Rc7 39. Rc2 Rcc8 40. Rcc1 Rc7
41. Nb5 Rcc8 42. Nb2 Nb6 43. Kd3 Na8 44. Nd1 Nb6 45. Ndc3 Rf8 46. Na2 Rfc8 47.
Rc2 Ra8 48. Nbc3 Rab8 49. Rcb2 Rc7 50. Na4 Na8 51. b4 cxb4 52. axb4 Rbc8 53.
bxa5 Rxc4 54. Rxb7+ Kd8 55. N2c3 Rd4+ 56. Ke2 Nc5 57. Nxc5 Rxc5 58. Rg7 Kc8 59.
Nb5 Rc2+ 60. Ke1 Nc7 61. Nxd6+ 1-0

[Event "European Rapid 2016"]
[Site "Tallinn EST"]
[Date "2016.12.16"]
[Round "10.19"]
[White "Bartel, Mateusz"]
[Black "Finkel, Alexander"]
[Result "1-0"]
[WhiteTitle "GM"]
[BlackTitle "GM"]
[WhiteElo "2641"]
[BlackElo "2511"]
[WhiteFideId "1112635"]
[BlackFideId "2801957"]
[EventDate "2016.12.15"]

1. e4 g6 2. d4 Bg7 3. Nf3 d6 4. Bc4 Nf6 5. Qe2 Bg4 6. Nbd2 Nc6 7. c3 e5 8. h3
Bxf3 9. Nxf3 exd4 10. cxd4 O-O 11. e5 dxe5 12. dxe5 Nd7 13. Bg5 Qe8 14. e6 fxe6
15. O-O Nde5 16. Nxe5 Nxe5 17. Bb3 Kh8 18. Rad1 Nf7 19. Be3 Nd6 20. Bc5 Qe7 21.
Bxe6 Rae8 22. Rfe1 Qf6 23. Bd4 Qxd4 24. Rxd4 Bxd4 25. Rf1 Rf4 26. Qd2 Ref8 27.
g3 Bxf2+ 28. Kg2 R4f6 29. Qc3 Nb5 30. Qe5 Bd4 31. Rxf6 Rxf6 32. Qxb5 Rxe6 33.
Qxb7 Re2+ 34. Kf1 Re7 35. Qd5 Bf6 36. b3 Kg7 37. Qc5 Rf7 38. Ke2 a6 39. Qa5 Bd4
40. Qxa6 c5 41. Qa8 h5 42. Kd3 Re7 43. Kc4 Re3 44. Qb8 g5 45. b4 1-0